Nguyễn Công Hoan - cây bút hiện thực xuất sắc /

Zapisane w:
Opis bibliograficzny
Kolejni autorzy: Như Phong, Trúc H, Vũ Ngọc Phan
Format: Sách giấy
Język:Vietnamese
Wydane: Hà Nội : Văn hoá Thông tin, 2000
Hasła przedmiotowe:
Etykiety: Dodaj etykietę
Nie ma etykietki, Dołącz pierwszą etykiete!
Thư viện lưu trữ: Thư viện Trường Đại học Đà Lạt
LEADER 00719nam a2200277 4500
001 DLU020017431
005 ##3/28/2001
020 # # |a 978- 
041 # # |a vie 
082 # # |a 895.922 3  |b Ngu 
245 # # |a Nguyễn Công Hoan - cây bút hiện thực xuất sắc /  |c Trúc Hà, Như Phong, Vũ Ngọc Phan, ...  
260 # # |a Hà Nội :  |b Văn hoá Thông tin,  |c 2000 
300 # # |a 456 tr.;   |c 21 cm 
600 # # |a Nguyễn Công Hoan,  |d 1903-1977 
700 # # |a Như Phong 
700 # # |a Trúc Hà 
700 # # |a Vũ Ngọc Phan 
992 # # |a 46000 
994 # # |a DLU 
900 # # |a False 
911 # # |a Administrator 
925 # # |a G 
926 # # |a A 
927 # # |a SH 
980 # # |a Thư viện Trường Đại học Đà Lạt